Suši na "x" spôsobov
Celosvetová globalizácia už postihla aj tradičnú japonskú pochúťku. Kulinárska história suši.
Gespeichert in:
| 1. Verfasser: | |
|---|---|
| Format: | Buchkapitel |
| Sprache: | Slowakisch |
| Schlagworte: | |
| Tags: |
Keine Tags, Fügen Sie das erste Tag hinzu!
|
MARC
| LEADER | 00000naa a2200000 4500 | ||
|---|---|---|---|
| 001 | r044292 | ||
| 005 | 20230920074031.1 | ||
| 041 | 0 | |a slo | |
| 044 | |a SK | ||
| 245 | 1 | 0 | |a Suši na "x" spôsobov |c Jaroslav Smiešny |
| 520 | |a Celosvetová globalizácia už postihla aj tradičnú japonskú pochúťku. Kulinárska história suši. | ||
| 610 | 2 | 0 | |a pochutiny |
| 610 | 2 | 0 | |a Japonsko |
| 610 | 2 | 0 | |a globalizácia |
| 610 | 2 | 0 | |a ruch cestovný |
| 610 | 2 | 0 | |a jedlá |
| 100 | 1 | |a Smiešny, Jaroslav | |